Fundamentos de economía / (Registro nro. 10262)

Detalles MARC
000 -LEADER
fixed length control field 00731nam a2200229 4500
001 - CONTROL NUMBER
control field 01466
003 - CONTROL NUMBER IDENTIFIER
control field DO-SdBNP
005 - DATE AND TIME OF LATEST TRANSACTION
control field 20160602110901.0
007 - PHYSICAL DESCRIPTION FIXED FIELD--GENERAL INFORMATION
fixed length control field 01466
008 - FIXED-LENGTH DATA ELEMENTS--GENERAL INFORMATION
fixed length control field 160602b 1992 mx |||| 00| 0 spa d
020 ## - INTERNATIONAL STANDARD BOOK NUMBER
International Standard Book Number 9688803073
040 ## - CATALOGING SOURCE
Original cataloging agency BPMSU
Language of cataloging spa
Transcribing agency BPMSU
100 ## - MAIN ENTRY--PERSONAL NAME
Personal name
Dates associated with a name Case, Karl E.
245 ## - TITLE STATEMENT
Title Fundamentos de economía /
Remainder of title
Statement of responsibility, etc. Karl E. Case, Ray C. Fair Mays ; traducciión Pilar Mascaró Sacristán ; revisión técnica Mario Rodarte Esquivel.
260 ## - PUBLICATION, DISTRIBUTION, ETC. (IMPRINT)
Place of publication, distribution, etc. México :
Name of publisher, distributor, etc. Prentice Hall Hispanoamericana,
Date of publication, distribution, etc. 1992
300 ## - PHYSICAL DESCRIPTION
Extent 1086 (18), p. :
Dimensions 28 cm.
500 ## - GENERAL NOTE
General note
700 ## - ADDED ENTRY--PERSONAL NAME
Personal name Hirsh, Evan
Dates associated with a name 1956-
Relator term
700 ## - ADDED ENTRY--PERSONAL NAME
Personal name Cárdenas, Margarita
Relator term tr.
942 ## - ADDED ENTRY ELEMENTS (KOHA)
Source of classification or shelving scheme Dewey Decimal Classification
Koha item type Libros
956 ## - LOCAL ELECTRONIC LOCATION AND ACCESS (OCLC)
Host name VMATEO
Access number 10
Compression information 20160602
Path BPMSU
Electronic name 0069
Existencias
Withdrawn status Lost status Source of classification or shelving scheme Damaged status Not for loan Collection code Home library Current library Date acquired Source of acquisition Total Checkouts Barcode Date last seen Price effective from Koha item type
    Dewey Decimal Classification       Biblioteca Pública Metropolitana Salomé Ureña Biblioteca Pública Metropolitana Salomé Ureña 06/02/2016 Donado por BNPHU   BPMET16060036 06/02/2016 06/02/2016 Libros